Organización industrial

সংরক্ষণ করুন:
গ্রন্থ-পঞ্জীর বিবরন
প্রধান লেখক: Pepall, Richards, Daniel J (Author), Norman, George (Author)
বিন্যাস: গ্রন্থ
ভাষা:স্প্যানিশ
প্রকাশিত: Ciudad de México International Thomson 2006
সংস্করন:3a. ed
বিষয়গুলি:
ট্যাগগুলো: ট্যাগ যুক্ত করুন
কোনো ট্যাগ নেই, প্রথমজন হিসাবে ট্যাগ করুন!

MARC

LEADER 00000nam a2200000 a 4500
001 UCI2876
003 CL-VaPUC
008 070928e20060000MX |||||||||||||||||spa|d
020 |a 9706864210 
082 0 4 |a 658.4  |b PEP  |2 21 
100 0 |a Pepall, Richards, Daniel J  |e author  |9 524086 
700 0 |a Norman, George  |e author  |9 524087 
245 1 0 |a Organización industrial 
250 |a 3a. ed 
300 |a 676 p 
942 |c BK 
945 |d 20070928 00:00:00  |a jtorresc 
260 |a Ciudad de México  |b International Thomson  |c 2006 
650 0 |a Organización industrial   |9 260511 
650 0 |a Administración industrial   |9 259466 
583 |a last modification  |c 20070928 00:00:00  |k Rodrigo Vera 
999 |c 327290  |d 327288 
952 |0 0  |1 0  |4 0  |6 658_400000000000000_PEP_2006  |7 0  |8 A  |9 409942  |a BIBENE  |b BIBENE  |d 2019-11-22  |i 437178K  |o 658.4 PEP 2006  |p 437178K  |r 2025-01-15  |w 2019-11-22  |y BK  |k ICO